[Event "BCF-chT3E 2223 (4NCL)"]
[Site "England"]
[Date "2023.03.26"]
[Round "8.26"]
[White "Thompson, Keith"]
[Black "Coates, Kenneth G"]
[Result "1-0"]
[WhiteElo "1886"]
[BlackElo "1973"]
[PlyCount "80"]
[EventDate "2022.11.05"]
[EventType "team-tourn"]
[EventRounds "11"]
[EventCountry "ENG"]
[SourceTitle "EXT 2024"]
[Source "ChessBase"]
[SourceDate "2023.10.10"]
[SourceVersion "1"]
[SourceVersionDate "2023.10.10"]
[SourceQuality "1"]
[WhiteTeam "Hull & East Riding Tigers"]
[BlackTeam "Crowthorne"]
[WhiteTeamCountry "ENG"]
[BlackTeamCountry "ENG"]

1. e4 e5 2. Nf3 Nc6 3. Bb5 f5 4. Nc3 Nf6 5. Bxc6 dxc6 6. Qe2 Bd6 7. 0-0 0-0 8. d3 Qe7 9. exf5 Bxf5 10. Ng5 Rae8 11. Nge4 Nxe4 12. Nxe4 h6 13. Bd2 Qh4 14. Rae1 Re6 15. Ng3 e4 16. dxe4 Rxe4 17. Be3 Rfe8 18. Qd2 Bg6 19. c3 b6 20. Qd1 R4e5 21. Bd4 Rh5 22. Rxe8+ Bxe8 23. h3 Bxg3 24. fxg3 Qxg3 25. Rf3 Qd6 26. Qe2 Bg6 27. Re3 Rd5 28. Re6 Qg3 29. Re3 Qf4 30. Rf3 Qd6 31. Re3 Bf7 32. Re5 c5 33. Rxd5 Qxd5 34. Be5 c6 35. a3 c4 36. Bd4 c5 37. Be5 Bg6 38. Bb8 a6 39. Bc7 Qc6 40. Qe7 Bf7 1-0

[Event "BCF-chT4 2223 (4NCL)"]
[Site "England"]
[Date "2023.02.05"]
[Round "6.154"]
[White "Coates, Kenneth G"]
[Black "Borrowdale, Graham E"]
[Result "1/2-1/2"]
[WhiteElo "2019"]
[BlackElo "1964"]
[PlyCount "53"]
[EventDate "2022.11.05"]
[EventType "team-swiss"]
[EventRounds "11"]
[EventCountry "ENG"]
[SourceTitle "EXT 2024"]
[Source "ChessBase"]
[SourceDate "2023.10.10"]
[SourceVersion "1"]
[SourceVersionDate "2023.10.10"]
[SourceQuality "1"]
[WhiteTeam "Crowthorne II"]
[BlackTeam "Cambridge University III"]
[WhiteTeamCountry "ENG"]
[BlackTeamCountry "ENG"]

1. d4 e6 2. e4 d5 3. exd5 exd5 4. Bd3 Nc6 5. c3 Bd6 6. Qf3 Be6 7. Ne2 Qf6 8. Qxf6 Nxf6 9. Bf4 0-0-0 10. 0-0 Ne7 11. Nd2 Bxf4 12. Nxf4 Bf5 13. Rfe1 Nfg8 14. Re2 g5 15. Bxf5+ Nxf5 16. Nd3 Nd6 17. Rae1 c6 18. Re5 h6 19. f3 Nf6 20. Kf2 Rhe8 21. g3 Nd7 22. Re7 Rxe7 23. Rxe7 Re8 24. Rxe8+ Nxe8 25. f4 f6 26. Kf3 Ng7 27. Nf2 1/2-1/2

[Event "BCF-chT4S 1819 (4NCL)"]
[Site "England"]
[Date "2019.05.06"]
[Round "11.14"]
[White "Coates, Kenneth G"]
[Black "Walton, Jonathan S"]
[Result "1/2-1/2"]
[WhiteElo "2057"]
[BlackElo "2012"]
[PlyCount "27"]
[EventDate "2018.11.17"]
[EventType "team-swiss"]
[EventRounds "11"]
[EventCountry "ENG"]
[SourceTitle "EXT 2021"]
[Source "ChessBase"]
[SourceDate "2020.10.23"]
[SourceVersion "1"]
[SourceVersionDate "2020.10.23"]
[SourceQuality "1"]
[WhiteTeam "Crowthorne"]
[BlackTeam "Fischer's Catch"]
[WhiteTeamCountry "ENG"]
[BlackTeamCountry "WLS"]

1. d4 e6 2. Nf3 f5 3. g3 Nf6 4. Bg2 Be7 5. 0-0 0-0 6. c4 d6 7. Nc3 Qe8 8. Qc2 Qh5 9. e4 fxe4 10. Nxe4 Nc6 11. Re1 e5 12. dxe5 dxe5 13. Be3 Bf5 14. Nxf6+ 1/2-1/2

[Event "BCF-chT2a 1617 (4NCL)"]
[Site "England"]
[Date "2017.03.04"]
[Round "7.35"]
[White "Coates, Kenneth G"]
[Black "Batchelor, Guy J"]
[Result "1-0"]
[WhiteElo "2132"]
[BlackElo "1946"]
[PlyCount "33"]
[EventDate "2016.11.19"]
[EventType "team-tourn"]
[EventRounds "11"]
[EventCountry "ENG"]
[SourceTitle "EXT 2019"]
[Source "ChessBase"]
[SourceDate "2018.10.10"]
[SourceVersion "1"]
[SourceVersionDate "2018.10.10"]
[SourceQuality "1"]
[WhiteTeam "CSC Dragons"]
[BlackTeam "Grantham Sharks II"]
[WhiteTeamCountry "ENG"]
[BlackTeamCountry "ENG"]

1. d4 Nf6 2. Nf3 e6 3. Bf4 d5 4. e3 Be7 5. c4 0-0 6. Nc3 c6 7. h3 Nbd7 8. Bd3 Re8 9. 0-0 Nf8 10. Rc1 Ng6 11. Bg3 Bf8 12. Qe2 Bd7 13. Rfd1 Qa5 14. Ne5 a6 15. c5 Qd8 16. Na4 Bc8 17. Nb6 1-0

[Event "BCF-chT2a 1617 (4NCL)"]
[Site "England"]
[Date "2017.02.11"]
[Round "5.15"]
[White "Klingher, Dominic"]
[Black "Coates, Kenneth G"]
[Result "1-0"]
[WhiteElo "2054"]
[BlackElo "2132"]
[PlyCount "71"]
[EventDate "2016.11.19"]
[EventType "team-tourn"]
[EventRounds "11"]
[EventCountry "ENG"]
[SourceTitle "EXT 2019"]
[Source "ChessBase"]
[SourceDate "2018.10.10"]
[SourceVersion "1"]
[SourceVersionDate "2018.10.10"]
[SourceQuality "1"]
[WhiteTeam "Barbican Youth"]
[BlackTeam "CSC Dragons"]
[WhiteTeamCountry "ENG"]
[BlackTeamCountry "ENG"]

1. d4 d5 2. Nf3 Nf6 3. Bf4 c5 4. c3 Nc6 5. e3 Qb6 6. Qc1 Bf5 7. Nh4 Bd7 8. Bd3 Rc8 9. 0-0 h6 10. Nf3 cxd4 11. exd4 Nb4 12. Bc2 Nxc2 13. Qxc2 e6 14. Nbd2 Be7 15. Rfe1 0-0 16. Qb3 Qxb3 17. axb3 a6 18. h3 Bb5 19. Ne5 Nd7 20. Ndf3 Rfd8 21. Rac1 Nxe5 22. Nxe5 Be8 23. Bg3 f6 24. Nd3 Kf7 25. Re3 Rc6 26. Rce1 Bd7 27. Nf4 Bf8 28. h4 g5 29. Nd3 a5 30. hxg5 hxg5 31. f4 Bh6 32. f5 exf5 33. Re7+ Kg6 34. Nc5 Rxc5 35. dxc5 Bf8 36. Bc7 1-0

[Event "BCF-chT3 1314 (4NCL)"]
[Site "England"]
[Date "2014.03.23"]
[Round "8.95"]
[White "Coates, Kenneth G"]
[Black "Habershon, Paul F"]
[Result "1-0"]
[WhiteElo "2155"]
[BlackElo "2069"]
[PlyCount "173"]
[EventDate "2013.11.16"]
[EventType "team-swiss"]
[EventRounds "11"]
[EventCountry "ENG"]
[SourceTitle "EXT 2015"]
[Source "ChessBase"]
[SourceDate "2014.11.20"]
[SourceVersion "1"]
[SourceVersionDate "2014.11.20"]
[SourceQuality "1"]
[WhiteTeam "BCM Rhinos II"]
[BlackTeam "MK Phoenix"]
[WhiteTeamCountry "ENG"]
[BlackTeamCountry "ENG"]

1. d4 Nf6 2. Nf3 e6 3. Bf4 d5 4. e3 Be7 5. h3 0-0 6. Bd3 b6 7. 0-0 Bb7 8. Nbd2 Nbd7 9. Qe2 Ne4 10. Rac1 c5 11. c4 f5 12. cxd5 exd5 13. Ne5 Nxe5 14. Bxe5 Bd6 15. Nf3 Rc8 16. Ba6 Rc7 17. dxc5 bxc5 18. Rfd1 Bxe5 19. Nxe5 Qd6 20. Bxb7 Rxb7 21. Nd3 Rc8 22. Nf4 Nf6 23. Rc2 Qe5 24. Qa6 Rbc7 25. Rcd2 d4 26. Nd3 Qe4 27. exd4 cxd4 28. Ne1 Rd8 29. Nf3 Rcd7 30. Qc4+ Qd5 31. Qxd5+ Rxd5 32. Rxd4 Rxd4 33. Rxd4 Rc8 34. Rd2 Ne4 35. Re2 Rc1+ 36. Kh2 Rf1 37. Nd4 Nxf2 38. Nxf5 Nd3 39. Nd6 h6 40. b3 Nc1 41. Rc2 Nd3 42. Kg3 Rf6 43. Nc4 Rg6+ 44. Kh2 h5 45. g3 Re6 46. Rd2 Ne1 47. Rd5 Re2+ 48. Kg1 Rxa2 49. Rxh5 Nf3+ 50. Kf1 Nh2+ 51. Ke1 Nf3+ 52. Kd1 Nd4 53. b4 Nc6 54. b5 Nb4 55. Rf5 Nd3 56. Nd2 Nb2+ 57. Kc2 Na4+ 58. Kb3 Rxd2 59. Kxa4 Rd3 60. Rg5 Kf7 61. h4 Kf6 62. Ka5 Ra3+ 63. Kb4 Re3 64. Kc5 Rc3+ 65. Kd6 g6 66. Rg4 Ra3 67. Kc6 Kf5 68. Rg5+ Kf6 69. Kb7 Ra5 70. Rc5 Ra3 71. g4 Ra4 72. h5 gxh5 73. gxh5 Ra5 74. Kc6 Kg7 75. Rf5 Kh6 76. Rd5 Kg7 77. Kd6 Kh6 78. Kc6 Kg7 79. Rd6 Kg8 80. Kc5 Ra1 81. Ra6 Rc1+ 82. Kd6 Rb1 83. Ra5 Rd1+ 84. Kc6 Rc1+ 85. Kb7 Rc5 86. Kxa7 Rxh5 87. Ka6 1-0

[Event "BCF-chT2b 1314 (4NCL)"]
[Site "England"]
[Date "2014.01.11"]
[Round "3.85"]
[White "Walker, Nicholas P"]
[Black "Coates, Kenneth G"]
[Result "1-0"]
[WhiteElo "2167"]
[BlackElo "2165"]
[PlyCount "67"]
[EventDate "2013.11.16"]
[EventType "team-swiss"]
[EventRounds "11"]
[EventCountry "ENG"]
[SourceTitle "EXT 2015"]
[Source "ChessBase"]
[SourceDate "2014.11.20"]
[SourceVersion "1"]
[SourceVersionDate "2014.11.20"]
[SourceQuality "1"]
[WhiteTeam "Hackney"]
[BlackTeam "BCM Dragons"]
[WhiteTeamCountry "ENG"]
[BlackTeamCountry "ENG"]

1. Nf3 Nf6 2. b3 d5 3. Bb2 Bf5 4. e3 e6 5. Be2 Be7 6. Nh4 Nc6 7. Nxf5 exf5 8. d4 0-0 9. 0-0 Qd7 10. c4 Rad8 11. Nc3 Rfe8 12. Rc1 f4 13. cxd5 Nxd5 14. Nxd5 Qxd5 15. Bf3 Qd6 16. Bxc6 bxc6 17. Qf3 fxe3 18. fxe3 Bf6 19. Rxc6 Qe7 20. Kf2 Rd5 21. Ba3 Qd7 22. Rxc7 Qxc7 23. Qxd5 Qxh2 24. Bd6 Qh6 25. Bf4 Qg6 26. Kg1 h6 27. Rc1 Re7 28. Qc5 Qe4 29. Qc8+ Re8 30. Qc6 Qe7 31. d5 g5 32. Bg3 Be5 33. d6 Qd8 34. d7 1-0

[Event "BCF-chT3 1213 (4NCL)"]
[Site "England"]
[Date "2013.03.24"]
[Round "8.145"]
[White "Stewart, Joseph"]
[Black "Coates, Kenneth G"]
[Result "1-0"]
[WhiteElo "2151"]
[BlackElo "2184"]
[PlyCount "87"]
[EventDate "2012.11.03"]
[EventType "team-swiss"]
[EventRounds "11"]
[EventCountry "ENG"]
[SourceTitle "EXT 2014"]
[Source "ChessBase"]
[SourceDate "2013.11.20"]
[SourceVersion "1"]
[SourceVersionDate "2013.11.20"]
[SourceQuality "1"]
[WhiteTeam "Gloucestershire Gambits"]
[BlackTeam "BCM Rhinos II"]
[WhiteTeamCountry "ENG"]
[BlackTeamCountry "ENG"]

1. e4 e5 2. Nf3 Nc6 3. Bb5 f5 4. Nc3 fxe4 5. Nxe4 Nge7 6. Nfg5 d5 7. Qh5+ Ng6 8. Nxh7 dxe4 9. Qxg6+ Ke7 10. Qxe4 Qd4 11. Bxc6 bxc6 12. Qxd4 exd4 13. Nxf8 Kxf8 14. d3 Rh4 15. g3 Rh5 16. Bf4 Bg4 17. f3 Bxf3 18. 0-0 Bd5 19. Be5+ Kg8 20. Bxd4 Re8 21. Rae1 Rxe1 22. Rxe1 Rf5 23. Re7 Rf7 24. Rxf7 Kxf7 25. c4 Be6 26. Bxa7 Bf5 27. d4 Bd3 28. Bb8 Bxc4 29. a4 Ke6 30. Bxc7 Kd5 31. Be5 g6 32. Bf6 Ke4 33. Kf2 Bb3 34. a5 Bc4 35. h4 Kf5 36. Be5 Ke4 37. b4 Kf5 38. Ke3 Bf1 39. Kf3 Bc4 40. g4+ Ke6 41. Kf4 Bd3 42. h5 gxh5 43. gxh5 Kf7 44. Kg5 1-0

[Event "BCF-chT1a 1213 (4NCL)"]
[Site "England"]
[Date "2013.02.24"]
[Round "6.143"]
[White "Williams, Samuel G"]
[Black "Coates, Kenneth G"]
[Result "1-0"]
[WhiteElo "2253"]
[BlackElo "2184"]
[PlyCount "83"]
[EventDate "2012.11.03"]
[EventType "team-tourn"]
[EventRounds "7"]
[EventCountry "ENG"]
[SourceTitle "EXT 2014"]
[Source "ChessBase"]
[SourceDate "2013.11.20"]
[SourceVersion "1"]
[SourceVersionDate "2013.11.20"]
[SourceQuality "1"]
[WhiteTeam "Sambuca Sharks"]
[BlackTeam "BCM Dragons"]
[WhiteTeamCountry "ENG"]
[BlackTeamCountry "ENG"]

1. d4 d5 2. c4 c6 3. Nf3 Nf6 4. Nc3 dxc4 5. a4 Bf5 6. e3 e6 7. Bxc4 Bb4 8. Ne5 Nbd7 9. Nxd7 Qxd7 10. 0-0 0-0 11. f3 Rad8 12. Qb3 Ba5 13. Rd1 Bg6 14. e4 Bb6 15. e5 Bxd4+ 16. Kh1 Nh5 17. Ne2 c5 18. Be3 Qe7 19. Nxd4 cxd4 20. Rxd4 Rxd4 21. Bxd4 b6 22. Qe3 Rd8 23. g4 Qh4 24. Bc3 Ng3+ 25. Kg2 Ne4 26. Be1 Qg5 27. Qxg5 Nxg5 28. h4 h5 29. gxh5 Nxf3 30. hxg6 Nxe5 31. gxf7+ Kxf7 32. Be2 Rd4 33. a5 Re4 34. Kf1 Kf6 35. axb6 axb6 36. Ra6 b5 37. Bxb5 Nf3 38. Bc3+ Ke7 39. Bc6 Nh2+ 40. Kg2 Rxh4 41. Kg3 Rh5 42. Bg2 1-0

[Event "BCF-chT1a 1213 (4NCL)"]
[Site "England"]
[Date "2013.01.12"]
[Round "3.123"]
[White "Cox, John J"]
[Black "Coates, Kenneth G"]
[Result "1-0"]
[WhiteElo "2396"]
[BlackElo "2184"]
[PlyCount "71"]
[EventDate "2012.11.03"]
[EventType "team-tourn"]
[EventRounds "7"]
[EventCountry "ENG"]
[SourceTitle "EXT 2014"]
[Source "ChessBase"]
[SourceDate "2013.11.20"]
[SourceVersion "1"]
[SourceVersionDate "2013.11.20"]
[SourceQuality "1"]
[WhiteTeam "Barbican"]
[BlackTeam "BCM Dragons"]
[WhiteTeamCountry "ENG"]
[BlackTeamCountry "ENG"]

1. c4 c6 2. g3 d5 3. Nf3 Nf6 4. Bg2 g6 5. b3 Bg7 6. Bb2 0-0 7. 0-0 Bg4 8. d3 Nbd7 9. Nbd2 Re8 10. Ne5 Nxe5 11. Bxe5 Qa5 12. h3 Be6 13. Qc1 dxc4 14. Nxc4 Bxc4 15. Bc3 Qh5 16. g4 Qh4 17. bxc4 h5 18. g5 Nh7 19. Bxg7 Kxg7 20. f4 e5 21. Qe1 Qxe1 22. Raxe1 exf4 23. h4 Re3 24. Rxf4 Rae8 25. Kf2 f5 26. Be4 Rh3 27. Bg2 Rhe3 28. Be4 Rh3 29. Bf3 Nf8 30. c5 Ne6 31. Rb4 f4 32. Rxb7+ Kf8 33. Rh1 Rxh1 34. Bxh1 Nd4 35. Be4 a5 36. Rd7 1-0

[Event "BCF-chT2b 1112 (4NCL)"]
[Site "England"]
[Date "2011.11.13"]
[Round "2.7"]
[White "Owens, Megan R"]
[Black "Coates, Kenneth G"]
[Result "1/2-1/2"]
[WhiteElo "1824"]
[BlackElo "2194"]
[PlyCount "89"]
[EventDate "2011.11.12"]
[EventType "team-match"]
[EventRounds "7"]
[EventCountry "ENG"]
[SourceTitle "EXT 2013"]
[Source "ChessBase"]
[SourceDate "2012.11.22"]
[SourceVersion "1"]
[SourceVersionDate "2012.11.22"]
[SourceQuality "1"]
[WhiteTeam "Brown Jack"]
[BlackTeam "AMCA Dragons"]
[WhiteTeamCountry "ENG"]
[BlackTeamCountry "ENG"]

1. c4 c6 2. g3 d5 3. Bg2 Nf6 4. Nf3 dxc4 5. a4 g6 6. Na3 Bg7 7. Nxc4 0-0 8. 0-0 Be6 9. Qc2 Na6 10. d3 h6 11. Bd2 Qc8 12. Rfc1 Rd8 13. b4 c5 14. bxc5 Nxc5 15. Ba5 Re8 16. Qd1 b6 17. Bxb6 Nfd7 18. Bxc5 Bxa1 19. Ba3 Bf6 20. Nd6 Qa6 21. Nxe8 Rxe8 22. Nd2 Nb6 23. Bc6 Rc8 24. Ne4 Nd5 25. Nxf6+ exf6 26. Bb5 Qb7 27. Rxc8+ Qxc8 28. Bc4 Nb6 29. Bxe6 fxe6 30. Qc1 Qxc1+ 31. Bxc1 Nxa4 32. Bxh6 Nc3 33. Kf1 Nd5 34. Bd2 g5 35. e4 Ne7 36. Ke2 Kf7 37. e5 Nc6 38. exf6 Kxf6 39. Bc3+ Kf5 40. h3 a5 41. Kd2 a4 42. Ke3 Ne7 43. g4+ Kg6 44. Kd2 a3 45. Kc2 1/2-1/2

[Event "BCF-chT2b 1112 (4NCL)"]
[Site "England"]
[Date "2011.11.12"]
[Round "1.7"]
[White "Coates, Kenneth G"]
[Black "Blackburn, Suzie G"]
[Result "1-0"]
[WhiteElo "2194"]
[BlackElo "1945"]
[PlyCount "121"]
[EventDate "2011.11.12"]
[EventType "team-match"]
[EventRounds "7"]
[EventCountry "ENG"]
[SourceTitle "EXT 2013"]
[Source "ChessBase"]
[SourceDate "2012.11.22"]
[SourceVersion "1"]
[SourceVersionDate "2012.11.22"]
[SourceQuality "1"]
[WhiteTeam "AMCA Dragons"]
[BlackTeam "Rhyfelwyr Essyllwg"]
[WhiteTeamCountry "ENG"]
[BlackTeamCountry "ENG"]

1. Nf3 e6 2. d4 f5 3. h3 Nf6 4. g4 fxg4 5. hxg4 Nxg4 6. Qd3 Qf6 7. Rxh7 Rxh7 8. Qxh7 Qf5 9. Qxf5 exf5 10. Bf4 d6 11. Nc3 Be6 12. Ng5 Bg8 13. f3 Nf6 14. 0-0-0 Nc6 15. Bh3 g6 16. e4 Nh5 17. Be3 f4 18. Bf2 Be7 19. Ne6 Bxe6 20. Bxe6 Nd8 21. Bh3 c6 22. Ne2 g5 23. d5 c5 24. e5 Nf7 25. exd6 Bxd6 26. Nc3 Ne5 27. Ne4 Ke7 28. Nxc5 b6 29. Ne4 Rg8 30. Be6 Rg7 31. Bd4 Rg6 32. Bf5 Rg8 33. Bc3 Ng3 34. Nxd6 Ne2+ 35. Kd2 Nxc3 36. Kxc3 Kxd6 37. Be4 g4 38. fxg4 Rxg4 39. Rf1 f3 40. Kd4 Rg2 41. b3 Rd2+ 42. Kc3 Rh2 43. a3 f2 44. Kd2 Rh4 45. Bg2 Rf4 46. Ke2 Ng4 47. Bf3 a6 48. a4 Rxf3 49. Kxf3 Nh2+ 50. Kxf2 Nxf1 51. Kxf1 Kxd5 52. Ke2 Kd4 53. Kd2 a5 54. c3+ Kc5 55. Ke3 Kd5 56. Kd3 Kc5 57. Ke4 Kc6 58. Ke5 Kc5 59. Ke6 b5 60. axb5 Kxb5 61. Kd5 1-0

[Event "BCF-chT2 1011 (4NCL)"]
[Site "England"]
[Date "2011.05.01"]
[Round "10.62"]
[White "Zeidler, Sven P"]
[Black "Coates, Kenneth G"]
[Result "0-1"]
[WhiteElo "2247"]
[BlackElo "2199"]
[PlyCount "60"]
[EventDate "2010.11.06"]
[EventType "team-swiss"]
[EventRounds "11"]
[EventCountry "ENG"]
[SourceTitle "EXT 2012"]
[Source "ChessBase"]
[SourceDate "2011.11.24"]
[SourceVersion "1"]
[SourceVersionDate "2011.11.24"]
[SourceQuality "1"]
[WhiteTeam "South Wales Dragons"]
[BlackTeam "AMCA Dragons"]
[WhiteTeamCountry "ENG"]
[BlackTeamCountry "ENG"]

1. e4 d5 2. exd5 Qxd5 3. Nc3 Qd6 4. d4 Nf6 5. Nf3 Bg4 6. h3 Bh5 7. g4 Bg6 8. Ne5 Nbd7 9. Nxg6 hxg6 10. Qf3 c6 11. Be3 e6 12. 0-0-0 Be7 13. Bf4 Qb4 14. h4 Nb6 15. a3 Qa5 16. Bd2 Nbd5 17. Ne4 Qb6 18. g5 Nxe4 19. Qxe4 c5 20. Rh3 0-0-0 21. Bg2 c4 22. Bf1 Qc6 23. Qe2 b5 24. a4 a6 25. Qf3 Rdf8 26. axb5 axb5 27. b3 Kd7 28. Kb2 Ra8 29. b4 Qa6 30. Rb1 c3+ 0-1

[Event "BCF-chT2 1011 (4NCL)"]
[Site "England"]
[Date "2011.04.30"]
[Round "9.72"]
[White "Coates, Kenneth G"]
[Black "Churm, Rohan"]
[Result "1/2-1/2"]
[WhiteElo "2199"]
[BlackElo "2153"]
[PlyCount "23"]
[EventDate "2010.11.06"]
[EventType "team-swiss"]
[EventRounds "11"]
[EventCountry "ENG"]
[SourceTitle "EXT 2012"]
[Source "ChessBase"]
[SourceDate "2011.11.24"]
[SourceVersion "1"]
[SourceVersionDate "2011.11.24"]
[SourceQuality "1"]
[WhiteTeam "AMCA Dragons"]
[BlackTeam "Cambridge II"]
[WhiteTeamCountry "ENG"]
[BlackTeamCountry "ENG"]

1. e4 e6 2. d4 d5 3. exd5 exd5 4. Bd3 Bd6 5. Qf3 Nc6 6. c3 Nge7 7. Bg5 Be6 8. Ne2 Qd7 9. h3 Bf5 10. Bxf5 Qxf5 11. Qxf5 Nxf5 12. Bf4 1/2-1/2

[Event "BCF-chT2 1011 (4NCL)"]
[Site "England"]
[Date "2010.11.07"]
[Round "2.63"]
[White "Coates, Kenneth G"]
[Black "Posazhennikov, Alex"]
[Result "0-1"]
[WhiteElo "2199"]
[BlackElo "2233"]
[PlyCount "60"]
[EventDate "2010.11.06"]
[EventType "team-swiss"]
[EventRounds "11"]
[EventCountry "ENG"]
[SourceTitle "EXT 2012"]
[Source "ChessBase"]
[SourceDate "2011.11.24"]
[SourceVersion "1"]
[SourceVersionDate "2011.11.24"]
[SourceQuality "1"]
[WhiteTeam "AMCA Dragons"]
[BlackTeam "Poisoned Pawns"]
[WhiteTeamCountry "ENG"]
[BlackTeamCountry "ENG"]

1. d4 f5 2. Nf3 Nf6 3. h3 d6 4. Nc3 g6 5. Bg5 Bg7 6. Bxf6 Bxf6 7. e4 c5 8. e5 cxd4 9. Bb5+ Bd7 10. Qxd4 dxe5 11. Nxe5 Bxb5 12. Qxd8+ Kxd8 13. Nf7+ Ke8 14. Nxh8 Bc6 15. Nxg6 hxg6 16. 0-0-0 Bxc3 17. bxc3 Nd7 18. Rhe1 Kf7 19. f3 Nf6 20. Rd4 Re8 21. a4 e5 22. Rc4 Nd5 23. a5 a6 24. g3 Nf6 25. Rf1 Nh5 26. g4 Nf4 27. h4 Nd5 28. Rf2 Ne3 29. Rb4 Rh8 30. g5 f4 0-1

[Event "BCF-chT2 1011 (4NCL)"]
[Site "England"]
[Date "2010.11.06"]
[Round "1.73"]
[White "Lock, Gavin R"]
[Black "Coates, Kenneth G"]
[Result "1-0"]
[WhiteElo "2198"]
[BlackElo "2199"]
[PlyCount "81"]
[EventDate "2010.11.06"]
[EventType "team-swiss"]
[EventRounds "11"]
[EventCountry "ENG"]
[SourceTitle "EXT 2012"]
[Source "ChessBase"]
[SourceDate "2011.11.24"]
[SourceVersion "1"]
[SourceVersionDate "2011.11.24"]
[SourceQuality "1"]
[WhiteTeam "Wessex"]
[BlackTeam "AMCA Dragons"]
[WhiteTeamCountry "ENG"]
[BlackTeamCountry "ENG"]

1. d4 d5 2. Nf3 Nf6 3. c4 c6 4. Nc3 dxc4 5. a4 Bf5 6. Ne5 Nbd7 7. Nxc4 Qc7 8. g3 e5 9. dxe5 Nxe5 10. Bf4 Rd8 11. Qc1 Nfd7 12. Bxe5 Nxe5 13. Qf4 Bd6 14. Qxf5 Nxc4 15. Qe4+ Ne5 16. f4 0-0 17. fxe5 Bxe5 18. Bg2 Rfe8 19. Qc2 Qb6 20. Rd1 Rxd1+ 21. Kxd1 Qe3 22. Qd2 Qf2 23. Bf3 h5 24. Kc2 h4 25. gxh4 Qxh4 26. Qe3 Re6 27. Qe4 Qf2 28. Qc4 a6 29. h4 b5 30. axb5 axb5 31. Qd3 Qc5 32. Kb1 b4 33. Ne4 Qa5 34. Rd1 Re8 35. Ng5 Ra8 36. Qb3 Bf6 37. Qxf7+ Kh8 38. Qh5+ Kg8 39. Qf7+ Kh8 40. Qb3 Qf5+ 41. Be4 1-0

[Event "BCF-chT2c 0910 (4NCL) Promotion pool"]
[Site "England"]
[Date "2010.05.02"]
[Round "10.2"]
[White "Winfridsson, Ola"]
[Black "Coates, Kenneth G"]
[Result "0-1"]
[WhiteElo "2133"]
[BlackElo "2220"]
[PlyCount "106"]
[EventDate "2009.10.24"]
[EventType "team-tourn"]
[EventRounds "4"]
[EventCountry "ENG"]
[SourceTitle "EXT 2010"]
[Source "ChessBase"]
[SourceDate "2010.11.25"]
[SourceVersion "1"]
[SourceVersionDate "2010.11.25"]
[SourceQuality "1"]
[WhiteTeam "Poisoned Pawns II"]
[BlackTeam "AMCA Dragons"]
[WhiteTeamCountry "ENG"]
[BlackTeamCountry "ENG"]

1. d4 d5 2. c4 c6 3. Nf3 Nf6 4. e3 g6 5. Nc3 Bg7 6. Qb3 0-0 7. Bd2 Qb6 8. Qxb6 axb6 9. cxd5 cxd5 10. Bb5 Bd7 11. Bxd7 Nbxd7 12. Ke2 Rfc8 13. Rhc1 e6 14. a3 Bf8 15. Nb5 Rc6 16. Ne1 Ne8 17. Nd3 Nd6 18. Nxd6 Bxd6 19. Bb4 Bxb4 20. Nxb4 Rcc8 21. Kd2 Nf6 22. f3 Ne8 23. Rxc8 Rxc8 24. Rc1 Rxc1 25. Kxc1 Nd6 26. b3 Nf5 27. Nc2 h5 28. Kd2 Kf8 29. e4 dxe4 30. fxe4 Nd6 31. e5 Nf5 32. Kd3 Ke7 33. Ke4 Kd7 34. Nb4 h4 35. d5 exd5+ 36. Nxd5 Kc6 37. Nf4 Ng7 38. Kd4 g5 39. Nd3 Ne6+ 40. Ke4 b5 41. Kf5 Kd5 42. Kf6 Kd4 43. Nf2 Nf4 44. Ng4 Kc3 45. Kxf7 Kxb3 46. g3 hxg3 47. hxg3 Ne2 48. e6 Nxg3 49. e7 Nf5 50. Ne3 Nxe7 51. Kxe7 Kxa3 52. Kd6 b4 53. Nc4+ Ka2 0-1

[Event "BCF-chT2a 0910 (4NCL)"]
[Site "England"]
[Date "2010.02.21"]
[Round "6.3"]
[White "Coates, Kenneth G"]
[Black "Truran, Michael C"]
[Result "1-0"]
[WhiteElo "2220"]
[BlackElo "2215"]
[PlyCount "65"]
[EventDate "2009.10.24"]
[EventType "team-tourn"]
[EventRounds "7"]
[EventCountry "ENG"]
[SourceTitle "EXT 2010"]
[Source "ChessBase"]
[SourceDate "2010.11.25"]
[SourceVersion "1"]
[SourceVersionDate "2010.11.25"]
[SourceQuality "1"]
[WhiteTeam "AMCA Dragons"]
[BlackTeam "Brown Jack"]
[WhiteTeamCountry "ENG"]
[BlackTeamCountry "ENG"]

1. e4 c5 2. c3 Nf6 3. e5 Nd5 4. d4 cxd4 5. Nf3 e6 6. cxd4 b6 7. Bc4 Bb7 8. 0-0 Be7 9. Bxd5 Bxd5 10. Nc3 Bc4 11. Re1 0-0 12. d5 Bb4 13. Re4 exd5 14. Nxd5 Bxd5 15. Qxd5 Nc6 16. Bg5 Be7 17. Bf4 Rc8 18. Rd1 Nb8 19. Qd2 Rc6 20. Nd4 Rc4 21. Ne6 Rxe4 22. Nxd8 Rxd8 23. Bg3 Rc4 24. e6 f6 25. Qd5 Rc5 26. Qb7 dxe6 27. Rxd8+ Bxd8 28. h3 Nc6 29. Qd7 h6 30. b4 Rc1+ 31. Kh2 a6 32. Bf4 Rc3 33. Qxe6+ 1-0